00329nam a2200109 a 450000500170000000800410001705000180005810000190007624500600009526000370015544000270019220140414131915.0100915s19uu xx 00 eng d aFICbP91 2004 aPreller, James aThe case of the missing falcon :bSuper special book 3. aNew York :bScholastic ,c2004. aA Jigsaw Jones Mystery